00598nam a22001817a 450000500170000000800410001702000190005808200200007710000210009724500310011826000390014930000150018849000070020365000140021094200070022499900170023195201680024820260407112153.0260407b |||||||| |||| 00| 0 eng d a19-7-2002-1000 a332.0415bNAT-C aNational Saving  aNational Savings Hand Book aPakistan bUnshakable Trust c2002 aix, 306 p. vII aEconomics cBK c47224d47224 00w2026-04-071040708Management Science aAUSCbAUSCcEconomicsd2026-04-07eGifted By Dr. Salman Hasan l0o332.0415 NAT-CpAUHEG0026r2026-04-07 11:22:55yBK